000 00614nam a2200193 i 4500
001 73723
003 ES-MaACL
005 20230906171914.0
007 t|
008 040910s1961 sp ||||1| cat d
100 1 _aGonella, Guido.
_958238
245 1 0 _aUnitat d'Europa /
_cGuido Gonella . La crisi de la democracia / Luigi Sturzo ; traducción de Pere Catalá i Roca.
260 _aBarcelona :
_bDalmau,
_c[1961]
300 _a52 p. ;
_c18 cm.
700 1 _aSturzo, Luigi.
_9108523
700 1 _aCatalá i Roca, Pere.
_937011
740 3 _aLa crisi de la democracia.
852 _aES-MaACL
_j1989-F-19
_bR.48297
999 _c73723
_d73723